Mechanical System Design (Record no. 324461)

MARC details
000 -LEADER
fixed length control field 00404nam a2200157Ia 4500
008 - FIXED-LENGTH DATA ELEMENTS--GENERAL INFORMATION
fixed length control field 230718s9999 xx 000 0 und d
041 ## - LANGUAGE CODE
Language code of text/sound track or separate title eng
082 ## - DEWEY DECIMAL CLASSIFICATION NUMBER
Classification number 620.7
Item number HAI
100 ## - MAIN ENTRY--PERSONAL NAME
Personal name Haideri F.
245 ## - TITLE STATEMENT
Title Mechanical System Design
260 ## - PUBLICATION, DISTRIBUTION, ETC. (IMPRINT)
Date of publication, distribution, etc. 2006
Name of publisher, distributor, etc. Nirali Prakashan
300 ## - PHYSICAL DESCRIPTION
Extent 586
365 ## - TRADE PRICE
Currency code Rs.
Price amount 350.00
700 ## - ADDED ENTRY--PERSONAL NAME
Personal name Haideri F.
906 ## - LOCAL DATA ELEMENT F, LDF (RLIN)
d O:0071310-Mar-2010B:229507-Jan-2010
c MECH
b 262.5
Holdings
Withdrawn status Lost status Damaged status Not for loan Home library Current library Date acquired Vendor Budget Code Cost, normal purchase price Bill number Full call number Barcode Date last seen Discount Cost, replacement price Bill Date Koha item type Original Barcode
Withdrawn       Cummins College of Engineering for Women Pune Cummins College of Engineering for Women Pune 10/03/2010 Om Book Stall MECH 297.50 2295 620.7 CCEP-BK-35668 18/07/2023 262.5 350.00 07/01/2010 Books 035668